000 00304nam a22001337a 4500
008 180806b xxu||||| |||| 00| 0 eng d
082 _a813.52
245 _aMedical Transcription Interactive
_cGreen,D
260 _c2000
300 _a1
_fCD
440 _x0130158488
760 _b2nd
942 _2ddc
_cMX
999 _c46855
_d46855